Fundamentos de economía industrial / Joaquín Díaz (Registro nro. 2497)

Detalles MARC
000 -LEADER
fixed length control field 00502nam a22001931a 4500
001 - CONTROL NUMBER
control field 2497
003 - CONTROL NUMBER IDENTIFIER
control field OSt
005 - DATE AND TIME OF LATEST TRANSACTION
control field 20260204211815.0
008 - FIXED-LENGTH DATA ELEMENTS--GENERAL INFORMATION
fixed length control field 040305s1983||||dr ||||||b||||||||||spa||
050 ## - LIBRARY OF CONGRESS CALL NUMBER
Classification number RD 338 D543f
082 ## - DEWEY DECIMAL CLASSIFICATION NUMBER
Classification number RD 338 D543f
100 ## - ASIENTO PRINCIPAL -- NOMBRE PERSONAL
Personal name Díaz, Joaquín
245 ## - TÍTULO PROPIAMENTE DICHO: SUBTÍTULO
Title Fundamentos de economía industrial / Joaquín Díaz
264 ## - PRODUCTION, PUBLICATION, DISTRIBUTION, MANUFACTURE, AND COPYRIGHT NOTICE
Place of production, publication, distribution, manufacture Santo Domingo : Punto y A parte
300 ## - PHYSICAL DESCRIPTION
Extensión 119 p.
500 ## - GENERAL NOTE
General note Incluye bibliografía.
650 ## - ASIENTO SECUNDARIO DE MATERIA -- TERMINO TEMÁTICO
Termino Temático Como Elemento de Entrada 1.Economía IndustrialÌ
942 ## - ADDED ENTRY ELEMENTS (KOHA)
Source of classification or shelving scheme Dewey Decimal Classification
Koha item type Libros
Existencias
Withdrawn status Lost status Source of classification or shelving scheme Damaged status Not for loan Current library Date acquired Full call number Barcode Date last seen Price effective from Koha item type
    Dewey Decimal Classification Dañado   Biblioteca UTECO 09/09/2019 RD 338 D543F 003765 09/09/2019 09/09/2019 Libros
    Dewey Decimal Classification Descartado para donación   Biblioteca UTECO 09/09/2019 RD 338 D543F 003766 09/09/2019 09/09/2019 Libros
© 2021 Derechos Reservados UTECO - Teléfono: +1 809-585-2291 - Correo electrónico: biblioteca@uteco.edu.do​  
Código postal 43000 ​​
Dirección: Avenida Universitaria No. 100, 
Cotuí, Provincia Sánchez Ramírez, República Dominicana - RNC: 404-00059-6